000 00203nam a22000857a 4500
999 _c10976
_d10976
008 180706b ||||| |||| 00| 0 eng d
100 _aJohnson
_96774
245 _aSinbad
260 _aNew Delhi
_bCampfire
_c2016